000 00496nam a2200205Ia 4500
003 OSt
005 20260223095117.0
008 250729s1991 xx 000 0 und d
020 _a978-1558702134
040 _cAL
041 _aeng
082 _a420 SHAP
100 _aShames Laura
_9229427
245 _aPlay writing for theatre film and television
260 _aVirginia
_c1991
300 _a178p
650 _aEnglish
_9229428
700 _aRao Digumurthi
_9229429
942 _2ddc
_cBED
999 _c238328
_d238328